| 000 | 01710cad a22001935a 4500 | ||
|---|---|---|---|
| 001 | L142888 | ||
| 008 | 080317e20070731xxk f v 000 0 eng d | ||
| 035 | _a(Sirsi) u142888 | ||
| 041 | 0 | _aeng | |
| 245 | 0 | 0 |
_aLondon Fire and Emergency Planning Authority v Halcrow Gilbert Associates Ltd, Halcrow Group and Lorne Stewart plc _h[electronic resource] |
| 260 | _c2007 | ||
| 520 | _a[2007] EWHC 2546 (TCC), 31 July 2007. Claimant authority (LFEPA) claimed damages against the defendant engineering practice (H) and the defendant contractors (L) in contract and tort in relation to an uncontrolled fire that broke out at LFEPA's training centre. LFEPA claimed for the cost of repair of the damage caused by the fire, the cost of investigation of the cause of the fire, replacement of defective ductwork and associated equipment, and loss of use of the training centre when it was closed for investigation, remedial works and commissioning. It was found that H was negligent but that H's negligence did not result in loss. It was also found that L was in breach of contract because of the defective ductwork but was not liable for the remedial costs because the client had not undertaken the remedial works. "Held": LFEPA's claims failed. | ||
| 650 | 2 | 4 | _aLONDON FIRE AND EMERGENCY PLANNING AUTHORITY V HALCROW GILBERT ASSOCIATES LTD AND OTHERS |
| 651 | 4 |
_aEngland and Wales _y1543- |
|
| 690 | _aBUILT ENVIRONMENT-CONSTRUCTION MANAGEMENT-BUILDING CONTRACT ADMINISTRATION | ||
| 690 | _aMANAGEMENT-BUSINESS MANAGEMENT-PROFESSIONAL PRACTICE-NEGLIGENCE | ||
| 856 | 4 | 0 |
_uhttps://www.bailii.org/cgi-bin/markup.cgi?doc=/ew/cases/EWHC/TCC/2007/2546.htm _zView the judgment free of charge at www.bailii.org... |
| 942 | _n0 | ||
| 999 |
_c79960 _d79960 |
||